| 000 | 00765nam a2200229 i 4500 | ||
|---|---|---|---|
| 001 | 120618 | ||
| 003 | ES-MaACL | ||
| 005 | 20250727030519.0 | ||
| 007 | t| | ||
| 008 | 070214s1977 mx abf |||| | spa d | ||
| 080 | _a39(=972.6 Tzotzil) | ||
| 100 | 1 |
_aPozas, Ricardo. _993530 |
|
| 245 | 1 | 0 |
_aChamula / _cRicardo Pozas ; dibujos de Alberto Beltrán. |
| 260 |
_aMéxico : _bInstituto Nacional Indigenista, _c1977. |
||
| 300 |
_a2 v., 10 lám. : _bil. ; _c22 cm + _e1 mapa pleg. |
||
| 490 | 1 | _aClásicos de antropología mexicana | |
| 700 | 1 |
_aBeltrán, Alberto. _927331 |
|
| 710 | 2 |
_aInstituto Nacional Indigenista (México) _95196 |
|
| 830 | 0 |
_aClásicos de la antropología mexicana _9184456 |
|
| 852 |
_aES-MaACL _jA-9807-08 |
||
| 999 |
_c120618 _d120618 |
||